[Event "ICS rated blitz match"]
[Site "204.178.125.65"]
[Date "2001.07.10"]
[Round "?"]
[White "Hossa"]
[Black "tea-pot"]
[Result "1-0"]
[WhiteElo "2642"]
[BlackElo "2085"]
[PlyCount "44"]
[EventDate "2001.??.??"]

1. Nf3 d5 2. b3 e6 3. e3 f5 4. Bb2 Nf6 5. Be2 Nc6 6. Ne5 Nxe5 7. Bxe5 Bd6 8. d4
c5 9. Bxd6 Qxd6 10. c3 Bd7 11. Nd2 a6 12. O-O O-O 13. Qc2 Bb5 14. c4 dxc4 15.
bxc4 Bc6 16. Nb3 b6 17. dxc5 bxc5 18. Rfd1 Qe7 19. Na5 Be4 20. Qc3 Rfd8 21. f3
Rxd1+ 22. Rxd1 Rd8 {tea-pot resigns} 1-0

[Event "ICS rated blitz match"]
[Site "204.178.125.65"]
[Date "2001.07.10"]
[Round "?"]
[White "Hossa"]
[Black "tea-pot"]
[Result "1-0"]
[WhiteElo "2644"]
[BlackElo "2083"]
[PlyCount "22"]
[EventDate "2001.??.??"]

1. Nf3 d5 2. b3 c5 3. e3 Nf6 4. Bb2 Bd7 5. Be2 e6 6. O-O Nc6 7. d4 Bd6 8. dxc5
Bxc5 9. Bd3 O-O 10. Nbd2 Qc7 11. Bxf6 g6 {tea-pot resigns} 1-0

[Event "ICS rated blitz match"]
[Site "204.178.125.65"]
[Date "2001.07.10"]
[Round "?"]
[White "tea-pot"]
[Black "Hossa"]
[Result "0-1"]
[WhiteElo "2082"]
[BlackElo "2645"]
[PlyCount "102"]
[EventDate "2001.??.??"]

1. e4 e5 2. Nf3 Nf6 3. Nxe5 d6 4. Nf3 Nxe4 5. Qe2 Qe7 6. d3 Nf6 7. Nc3 Qxe2+ 8.
Bxe2 g6 9. O-O Bg7 10. Bd2 O-O 11. Rfe1 Re8 12. a3 Nc6 13. h3 Bd7 14. Bf1 Rxe1
15. Rxe1 Re8 16. Rxe8+ Nxe8 17. Nd1 Nf6 18. Bc3 Nd5 19. Bxg7 Kxg7 20. Ne3 Nxe3
21. fxe3 f5 22. d4 Kf6 23. Kf2 g5 24. Bb5 a6 25. Bxc6 Bxc6 26. Nd2 b5 27. b4
Kg6 28. c4 bxc4 29. Nxc4 h5 30. Na5 Bd5 31. Kg3 h4+ 32. Kf2 f4 33. exf4 gxf4
34. Ke1 Bxg2 35. Nc4 Bxh3 36. Kf2 Be6 37. Nd2 h3 38. Nf3 Kf5 39. Nh2 Ke4 40.
Nf3 Bg4 41. Nh2 Bh5 42. d5 Kxd5 43. Nf1 Kd4 44. Nd2 Bd1 45. Nf1 Kd3 46. Nh2 Kc2
47. Nf1 Kb3 48. Nd2+ Kxa3 49. Ne4 h2 50. Kg2 Bf3+ 51. Kxf3 h1=Q+ {
tea-pot resigns} 0-1

[Event "ICS rated blitz match"]
[Site "204.178.125.65"]
[Date "2001.07.10"]
[Round "?"]
[White "Hossa"]
[Black "tea-pot"]
[Result "1-0"]
[WhiteElo "2646"]
[BlackElo "2081"]
[PlyCount "40"]
[EventDate "2001.??.??"]

1. Nf3 Nf6 2. c4 g6 3. Nc3 Bg7 4. g3 O-O 5. Bg2 d6 6. O-O c6 7. d4 Nbd7 8. e4
e5 9. dxe5 dxe5 10. Qe2 Qc7 11. Rd1 a5 12. b3 Nc5 13. Ba3 b6 14. Bxc5 bxc5 15.
Na4 Nd7 16. Ne1 Re8 17. Nd3 Bf8 18. Qe3 Qa7 19. Bh3 f5 20. exf5 gxf5 {
tea-pot resigns} 1-0

[Event "ICS rated blitz match"]
[Site "204.178.125.65"]
[Date "2001.07.10"]
[Round "?"]
[White "tea-pot"]
[Black "Hossa"]
[Result "0-1"]
[WhiteElo "2080"]
[BlackElo "2647"]
[PlyCount "102"]
[EventDate "2001.??.??"]

1. e4 e5 2. Nf3 Nf6 3. Nxe5 d6 4. Nf3 Nxe4 5. Qe2 Qe7 6. d3 Nf6 7. Nc3 Qxe2+ 8.
Bxe2 g6 9. Bd2 Bg7 10. O-O O-O 11. a3 Re8 12. Rfe1 Nc6 13. Bf1 Rxe1 14. Rxe1
Bf5 15. g3 Re8 16. Rxe8+ Nxe8 17. Bg2 h6 18. Nd1 Nf6 19. Bc3 Nd5 20. Bxg7 Kxg7
21. Ne3 Nxe3 22. fxe3 d5 23. Kf2 Kf6 24. Ke2 a5 25. Kd2 b5 26. Nd4 Nxd4 27.
exd4 Be6 28. b4 axb4 29. axb4 Ke7 30. Ke3 Kd6 31. Kf4 g5+ 32. Ke3 Bg4 33. c3 f5
34. Bh1 Bd1 35. Bg2 Ke6 36. Bh1 h5 37. Bf3 Bxf3 38. Kxf3 h4 39. gxh4 gxh4 40.
Kf4 Kf6 41. Ke3 Kg5 42. c4 f4+ 43. Kd2 dxc4 44. dxc4 bxc4 45. d5 f3 46. d6 cxd6
47. b5 f2 48. Ke2 c3 49. b6 c2 50. b7 c1=Q 51. b8=Q f1=Q# {tea-pot checkmated}
0-1

[Event "ICS rated blitz match"]
[Site "204.178.125.65"]
[Date "2001.07.10"]
[Round "?"]
[White "tea-pot"]
[Black "Hossa"]
[Result "0-1"]
[WhiteElo "2078"]
[BlackElo "2649"]
[PlyCount "88"]
[EventDate "2001.??.??"]

1. e4 e5 2. Nf3 Nf6 3. Nxe5 d6 4. Nf3 Nxe4 5. Qe2 Qe7 6. d3 Nf6 7. Nc3 Qxe2+ 8.
Bxe2 g6 9. Bd2 Bg7 10. O-O O-O 11. a3 Re8 12. Rfe1 Nc6 13. Bf1 Rxe1 14. Rxe1
Bf5 15. g3 Re8 16. Rxe8+ Nxe8 17. Nd1 h6 18. Bc3 Be6 19. Bxg7 Kxg7 20. Bg2 Nf6
21. Nc3 Nd5 22. Nxd5 Bxd5 23. c3 Kf6 24. d4 Ke6 25. Ne1 f5 26. Kf1 g5 27. Ke2
Na5 28. Bxd5+ Kxd5 29. Kd2 Nc4+ 30. Kc1 Ke4 31. a4 c5 32. b3 Na5 33. b4 cxb4
34. cxb4 Nb3+ 35. Kc2 Nxd4+ 36. Kd2 Nf3+ 37. Ke2 Nxh2 38. Nc2 Nf3 39. Kf1 d5
40. b5 d4 41. Nb4 d3 42. a5 Nd4 43. Nxd3 Kxd3 44. Ke1 Nxb5 {tea-pot resigns}
0-1

[Event "ICS rated blitz match"]
[Site "204.178.125.65"]
[Date "2001.07.10"]
[Round "?"]
[White "Hossa"]
[Black "tea-pot"]
[Result "1-0"]
[WhiteElo "2650"]
[BlackElo "2077"]
[PlyCount "26"]
[EventDate "2001.??.??"]

1. Nf3 Nf6 2. c4 c5 3. Nc3 Nc6 4. g3 b6 5. Bg2 Bb7 6. O-O g6 7. d3 Bg7 8. Ne5
O-O 9. Nxc6 Bxc6 10. e4 d6 11. e5 Bxg2 12. exf6 Bxf1 13. fxg7 Kxg7 {
tea-pot resigns} 1-0

[Event "ICS rated blitz match"]
[Site "204.178.125.65"]
[Date "2001.07.10"]
[Round "?"]
[White "Hossa"]
[Black "tea-pot"]
[Result "1-0"]
[WhiteElo "2652"]
[BlackElo "2075"]
[PlyCount "22"]
[EventDate "2001.??.??"]

1. Nf3 d5 2. b3 e6 3. e3 c5 4. Be2 Nc6 5. Bb2 Nf6 6. O-O Be7 7. d4 O-O 8. Nbd2
Qc7 9. dxc5 Bxc5 10. Bxf6 gxf6 11. c4 Be7 {tea-pot resigns} 1-0

[Event "ICS rated blitz match"]
[Site "204.178.125.65"]
[Date "2001.07.10"]
[Round "?"]
[White "tea-pot"]
[Black "Hossa"]
[Result "1/2-1/2"]
[WhiteElo "2072"]
[BlackElo "2655"]
[PlyCount "122"]
[EventDate "2001.??.??"]

1. e4 e5 2. Nf3 Nf6 3. Nxe5 d6 4. Nf3 Nxe4 5. Qe2 Qe7 6. d3 Nf6 7. Nc3 Qxe2+ 8.
Bxe2 g6 9. O-O Bg7 10. Bd2 O-O 11. Rfe1 Re8 12. a3 Nc6 13. Bf1 Rxe1 14. Rxe1
Bf5 15. g3 Re8 16. Rxe8+ Nxe8 17. Bg2 h6 18. Nd1 Nf6 19. Bc3 Nd5 20. Bxg7 Kxg7
21. Ne3 Nxe3 22. fxe3 d5 23. Kf2 Kf6 24. Ke2 a5 25. Kd2 b5 26. Nd4 Nxd4 27.
exd4 Be6 28. b4 axb4 29. axb4 Ke7 30. h4 Kd6 31. Ke3 g5 32. c3 gxh4 33. gxh4 f6
34. Bf3 Bf5 35. Be2 Bg6 36. Kf4 h5 37. Bf3 c6 38. Be2 Ke6 39. Bf3 Ke7 40. Be2
Kd6 41. Bf3 Kd7 42. Be2 Ke8 43. Bf3 Kf7 44. Be2 Kf8 45. Bf3 Ke8 46. Be2 Kd8 47.
Bf3 Bf7 48. Kf5 Ke7 49. Kf4 Ke6 50. Bg2 Be8 51. Bh3+ Kd6 52. Bf5 Bf7 53. Bh7
Be6 54. Bg6 Bg4 55. Bh7 Ke7 56. Bg6 Kd8 57. Bh7 Bd1 58. Bg6 Kd7 59. Bf5+ Kd8
60. Bg6 Kd7 61. Bf5+ Kd8 {Game drawn by mutual agreement} 1/2-1/2

[Event "ICS rated blitz match"]
[Site "204.178.125.65"]
[Date "2001.07.10"]
[Round "?"]
[White "tea-pot"]
[Black "Hossa"]
[Result "1-0"]
[WhiteElo "2086"]
[BlackElo "2641"]
[PlyCount "227"]
[EventDate "2001.??.??"]

1. e4 e5 2. Nf3 Nf6 3. Nxe5 d6 4. Nf3 Nxe4 5. Qe2 Qe7 6. d3 Nf6 7. Nc3 Qxe2+ 8.
Bxe2 g6 9. O-O Bg7 10. Bd2 O-O 11. Rfe1 Re8 12. a3 Nc6 13. Bf1 Rxe1 14. Rxe1
Bf5 15. g3 Re8 16. Rxe8+ Nxe8 17. Bg2 h6 18. Nd1 Nf6 19. Bc3 Nd5 20. Bxg7 Kxg7
21. Ne3 Nxe3 22. fxe3 d5 23. Kf2 Kf6 24. Ke2 a5 25. Kd2 b5 26. Nd4 Nxd4 27.
exd4 Be6 28. b4 axb4 29. axb4 Ke7 30. h4 Kd6 31. Ke3 g5 32. c3 gxh4 33. gxh4
Bf5 34. Bf3 f6 35. Be2 Bd7 36. Kf4 f5 37. Bh5 Ke6 38. Bf3 Be8 39. Be2 c6 40.
Bf3 Kf6 41. Be2 Bf7 42. Bf3 Ke6 43. Be2 Bg6 44. Bf3 Kf6 45. Be2 Bh7 46. Bf3 Ke7
47. Be2 Ke6 48. Bf3 Bg6 49. Be2 Kf6 50. Bf3 Kg7 51. Be2 Kf7 52. Bf3 Bh7 53. Be2
Kf8 54. Ke5 Ke7 55. Bf3 f4 56. Kxf4 Bxd3 57. Ke5 Bg6 58. Bg4 Be4 59. Bf5 Bf3
60. Bg6 Bg4 61. Bd3 Bd7 62. Bg6 Bh3 63. Bd3 Bg4 64. Bg6 Bf3 65. Bd3 Kd7 66.
Bf5+ Ke7 67. Bd3 Bg2 68. Bf5 Bf1 69. Bc2 Be2 70. Bf5 Bd1 71. Bd3 Bh5 72. Bf5
Be2 73. Bc2 Bh5 74. Bf5 Bf7 75. Bh7 Bh5 76. Bf5 Be8 77. Bc2 Kf7 78. Bf5 Ke7 79.
Bc2 Kd7 80. Kf6 h5 81. Kg5 Ke7 82. Bg6 Bd7 83. Bxh5 Bh3 84. Bg4 Bg2 85. h5 Be4
86. h6 Bh7 87. Bf5 Bxf5 88. Kxf5 Kf7 89. Ke5 Kg6 90. Kd6 Kxh6 91. Kxc6 Kg7 92.
Kxd5 Kf6 93. Kc5 Ke6 94. Kxb5 Kd6 95. Kb6 Kd5 96. b5 Ke6 97. c4 Kd7 98. c5 Kc8
99. d5 Kd8 100. c6 Ke7 101. Kb7 Kd6 102. b6 Ke5 103. c7 Kd6 104. c8=Q Ke5 105.
Ka7 Ke4 106. b7 Ke5 107. d6 Ke4 108. d7 Ke5 109. d8=Q Ke4 110. Qcc7 Kf3 111.
Qce7 Kf4 112. Qdf8+ Kg3 113. Qeg7+ Kh3 114. Qfh8# {Hossa checkmated} 1-0

[Event "ICS rated standard match"]
[Site "204.178.125.65"]
[Date "2001.07.10"]
[Round "?"]
[White "capitan"]
[Black "Hossa"]
[Result "0-1"]
[WhiteElo "2193"]
[BlackElo "2267"]
[PlyCount "50"]
[EventDate "2001.??.??"]

1. d4 e6 2. c4 Nf6 3. Nc3 d5 4. Bg5 dxc4 5. e4 c5 6. e5 cxd4 7. exf6 gxf6 8.
Bh4 Rg8 9. Ne4 Qa5+ 10. Nd2 Qe5+ 11. Qe2 Bb4 12. Qxe5 Bxd2+ 13. Kxd2 fxe5 14.
Bf6 Nd7 15. Bh4 b5 16. a4 Nc5 17. Re1 Nxa4 18. Rxe5 Nxb2 19. Rxb5 Ba6 20. Rxb2
c3+ 21. Kc2 Bxf1 22. Rb1 Bxg2 23. Ne2 Be4+ 24. Kc1 Bxh1 25. Nxd4 Rg1+ {
capitan resigns} 0-1

[Event "ICS rated blitz match"]
[Site "204.178.125.65"]
[Date "2001.07.10"]
[Round "?"]
[White "Hossa"]
[Black "PostModernist"]
[Result "0-1"]
[WhiteElo "2610"]
[BlackElo "2764"]
[PlyCount "168"]
[EventDate "2001.??.??"]

1. Nf3 c5 2. g3 g6 3. Bg2 Bg7 4. O-O Nc6 5. c3 e5 6. d4 cxd4 7. cxd4 exd4 8.
Na3 Nge7 9. Nb5 O-O 10. Nd6 Qb6 11. Qa4 Qc5 12. Bf4 Nd5 13. Rfc1 Qb4 14. Qxb4
Ndxb4 15. a3 Nd5 16. Bg5 d3 17. Rc5 Nb6 18. Rb5 Na4 19. Re1 b6 20. Nxc8 Raxc8
21. exd3 Bxb2 22. Re4 a6 23. Rb3 Na5 24. Rbb4 b5 25. Rh4 Rfe8 26. h3 f5 27. Rh6
Bg7 28. Rhh4 Nc3 29. Kf1 Bf8 30. Rbd4 d6 31. Nd2 Nc6 32. Rdf4 d5 33. Bf6 Ne5
34. Rd4 Nd7 35. Bg5 Nb6 36. g4 Bxa3 37. gxf5 gxf5 38. Nb3 Re6 39. Rh5 Bd6 40.
Rdh4 Be7 41. Rxh7 Bxg5 42. Rh8+ Kg7 43. R4h7+ Kf6 44. Rxc8 Nxc8 45. Rc7 Ne7 46.
Rxc3 Ke5 47. d4+ Kd6 48. h4 Bxh4 49. Nc5 Rg6 50. Nxa6 Kd7 51. Nc7 b4 52. Rc5 b3
53. Nxd5 Ra6 54. Nxe7 Bxe7 55. Rb5 Ra1+ 56. Ke2 Ra2+ 57. Ke3 b2 58. Kd3 Ba3 59.
Rb7+ Kc8 60. Kc3 Ra1 61. Rxb2 Bxb2+ 62. Kxb2 Re1 63. Kc3 Re2 64. Bd5 Rxf2 65.
Kd3 Kd7 66. Ke3 Rb2 67. Bg8 Ke7 68. Bc4 Kf6 69. Bd5 Kg5 70. Kd3 f4 71. Bc6 Kg4
72. d5 f3 73. d6 f2 74. Bg2 Rb1 75. Ke2 Kg3 76. d7 Kxg2 77. d8=Q f1=Q+ 78. Ke3
Qf3+ 79. Kd4 Qd1+ 80. Ke4 Qxd8 81. Ke5 Rd1 82. Ke6 Rd6+ 83. Kf7 Qc7+ 84. Kg8
Rd8# {Hossa checkmated} 0-1

[Event "ICS rated blitz match"]
[Site "204.178.125.65"]
[Date "2001.07.10"]
[Round "?"]
[White "PostModernist"]
[Black "Hossa"]
[Result "1-0"]
[WhiteElo "2773"]
[BlackElo "2601"]
[PlyCount "111"]
[EventDate "2001.??.??"]

1. d4 f5 2. g3 Nf6 3. Bg2 g6 4. Nf3 Bg7 5. O-O O-O 6. c4 Ne4 7. Nbd2 Nxd2 8.
Bxd2 c5 9. Bc3 f4 10. gxf4 Rxf4 11. e3 Rf8 12. Qe1 cxd4 13. exd4 Rf4 14. Qe3
Qf8 15. Bd2 Rf5 16. b4 a6 17. Bc3 a5 18. bxa5 Ra6 19. Ng5 h6 20. Nh3 d6 21. Be4
Rf6 22. f4 Kh7 23. Rab1 d5 24. cxd5 Ra7 25. Rf2 Kg8 26. Rg2 Qf7 27. Rb6 Ra6 28.
Bxg6 Qf8 29. Rxf6 Rxf6 30. Bd2 Na6 31. Be4 Nc7 32. Nf2 Ne8 33. Qd3 Nd6 34. Bh7+
Kh8 35. Ne4 Nxe4 36. Bxe4 Bf5 37. Kf2 Qf7 38. Ke3 Qh5 39. Qe2 Qxe2+ 40. Rxe2
Kg8 41. Bb4 Bf8 42. Rc2 Kf7 43. Rc7 Ke8 44. Bxf5 Rxf5 45. Rxb7 Rh5 46. a6 Rh3+
47. Ke4 Rxh2 48. a3 Re2+ 49. Kf5 Bg7 50. a7 Bxd4 51. a8=Q+ Kf7 52. Qa6 Bb6 53.
Qxb6 Re6 54. Qxe6+ Kf8 55. Rb8+ Kg7 56. Qxe7# {Hossa checkmated} 1-0

[Event "ICS rated blitz match"]
[Site "204.178.125.65"]
[Date "2001.07.10"]
[Round "?"]
[White "Hossa"]
[Black "gerbil"]
[Result "1-0"]
[WhiteElo "2592"]
[BlackElo "2441"]
[PlyCount "127"]
[EventDate "2001.??.??"]

1. d4 d6 2. c4 Nd7 3. e4 e5 4. Nf3 exd4 5. Qxd4 Ngf6 6. Be2 c5 7. Qd3 Be7 8.
Bf4 Qb6 9. b3 Nf8 10. O-O Ne6 11. Be3 O-O 12. Nc3 Bd7 13. a3 Ng4 14. Nd5 Qd8
15. Bd2 Ne5 16. Qe3 Nxf3+ 17. Qxf3 Nd4 18. Qd3 f5 19. Bf3 Re8 20. Rfe1 Bf6 21.
Rad1 Be5 22. g3 b5 23. Bg2 bxc4 24. bxc4 Ba4 25. Rc1 Nb3 26. Rb1 Nxd2 27. Qxd2
fxe4 28. Bxe4 Kh8 29. Qd3 Bd4 30. Bxh7 Rxe1+ 31. Rxe1 Rb8 32. Re2 Qg5 33. Bg6
Qc1+ 34. Kg2 Bc6 35. Qf5 Rd8 36. Re7 a5 37. Ra7 Bc3 38. Rc7 Bxd5+ 39. Qxd5 Qd2
40. Qh5+ Qh6 41. Qf5 Re8 42. Qe6 Rd8 43. Re7 Qxg6 44. Qxg6 a4 45. Re8+ Rxe8 46.
Qxe8+ Kh7 47. Qxa4 Bd4 48. Qc6 Be5 49. f4 Bd4 50. Qxd6 Kg8 51. Qe6+ Kh7 52.
Qf5+ Kg8 53. g4 g6 54. Qxg6+ Kf8 55. Qh7 Ke8 56. a4 Kd8 57. Qb7 Ke8 58. a5 Bf6
59. a6 Be7 60. a7 Kf8 61. a8=Q+ Kf7 62. Qd5+ Kg7 63. Qag8+ Kf6 64. Qgf7# {
gerbil checkmated} 1-0

[Event "ICS rated blitz match"]
[Site "204.178.125.65"]
[Date "2001.07.10"]
[Round "?"]
[White "gerbil"]
[Black "Hossa"]
[Result "0-1"]
[WhiteElo "2432"]
[BlackElo "2601"]
[PlyCount "142"]
[EventDate "2001.??.??"]

1. e4 e5 2. Nf3 Nf6 3. Nxe5 d6 4. Nf3 Nxe4 5. d4 d5 6. Bd3 Bf5 7. O-O Nc6 8.
Nbd2 Be7 9. Qe2 Nxd2 10. Bxd2 Bxd3 11. Qxd3 O-O 12. c4 Re8 13. b3 Qd6 14. Rfd1
Rad8 15. Be3 Qg6 16. Qxg6 hxg6 17. Bf4 Rd7 18. Rac1 dxc4 19. bxc4 Bf6 20. d5
Ne5 21. Nxe5 Bxe5 22. Re1 Rde7 23. Bxe5 Rxe5 24. Rxe5 Rxe5 25. Kf1 g5 26. Rc3
b6 27. Re3 Rxe3 28. fxe3 Kf8 29. e4 f6 30. Kf2 Ke7 31. Ke3 Kd6 32. Kd4 g4 33.
Kc3 Ke5 34. Kd3 a6 35. a3 b5 36. cxb5 axb5 37. Ke3 g6 38. Kd3 f5 39. exf5 gxf5
40. Ke3 f4+ 41. Kd3 Kxd5 42. g3 f3 43. Ke3 c5 44. h3 gxh3 45. Kxf3 b4 46. axb4
cxb4 47. Kf2 b3 48. Kg1 b2 49. Kh2 Ke5 50. Kxh3 b1=Q 51. Kg2 Ke4 52. g4 Kf4 53.
Kf2 Qb2+ 54. Kf1 Qb5+ 55. Kg2 Qe2+ 56. Kg1 Qe1+ 57. Kh2 Qd2+ 58. Kh3 Qd3+ 59.
Kg2 Qg3+ 60. Kf1 Qf3+ 61. Ke1 Qc3+ 62. Ke2 Qc2+ 63. Kf1 Qc1+ 64. Kf2 Qc5+ 65.
Ke1 Qa5+ 66. Ke2 Qc3 67. Kf1 Qc4+ 68. Ke1 Qb4+ 69. Ke2 Qd4 70. g5 Qe3+ 71. Kd1
Qb3+ {gerbil resigns} 0-1

[Event "ICS rated standard match"]
[Site "204.178.125.65"]
[Date "2001.07.10"]
[Round "?"]
[White "nicodos"]
[Black "Hossa"]
[Result "0-1"]
[WhiteElo "2012"]
[BlackElo "2291"]
[PlyCount "58"]
[EventDate "2001.??.??"]

1. d4 e6 2. Nf3 Nf6 3. Bg5 Be7 4. e3 h6 5. Bh4 g5 6. Bg3 Ne4 7. Nbd2 Nxg3 8.
hxg3 d6 9. Bd3 Nc6 10. c3 h5 11. Qb3 a5 12. a3 Bd7 13. O-O-O a4 14. Qa2 Na5 15.
Rh2 g4 16. Nh4 b5 17. Rdh1 c5 18. Ng6 fxg6 19. Bxg6+ Kf8 20. Rxh5 Rxh5 21. Rxh5
Bf6 22. Ne4 Nb3+ 23. Kd1 cxd4 24. exd4 Be8 25. Bxe8 Qxe8 26. Nxf6 Qg6 27. Ke2
Nc1+ 28. Ke3 Nxa2 29. Rh8+ Kg7 {nicodos resigns} 0-1

[Event "ICS rated blitz match"]
[Site "204.178.125.65"]
[Date "2001.07.10"]
[Round "?"]
[White "Hossa"]
[Black "Amateur"]
[Result "1/2-1/2"]
[WhiteElo "2610"]
[BlackElo "2601"]
[PlyCount "132"]
[EventDate "2001.??.??"]

1. Nf3 Nf6 2. c4 b6 3. Nc3 Bb7 4. d4 e6 5. a3 d5 6. Bg5 Bd6 7. cxd5 exd5 8. e3
O-O 9. Bd3 h6 10. Bxf6 Qxf6 11. Nb5 c6 12. Nxd6 Qxd6 13. b3 Nd7 14. g4 Rfe8 15.
h4 Re7 16. h5 c5 17. Nh4 Re6 18. Nf5 Qf8 19. Rg1 cxd4 20. Nxd4 Rf6 21. Bf5 Ne5
22. g5 hxg5 23. Rxg5 Qd8 24. f4 Nc6 25. Qg4 Qf8 26. Kd2 Nxd4 27. exd4 Kh8 28.
b4 Bc8 29. Bxc8 Rxc8 30. Rg1 Rfc6 31. Qf5 Rc2+ 32. Qxc2 Rxc2+ 33. Kxc2 Qc8+ 34.
Kb2 Qc4 35. Rxg7 Qxd4+ 36. Kc2 Qxf4 37. R7g4 Qf5+ 38. Kb2 Qe5+ 39. Kb3 d4 40.
R4g3 Qd5+ 41. Kb2 d3 42. Kc3 d2 43. Kc2 Qa2+ 44. Kd1 Qb2 45. Ke2 b5 46. Rd1
Qe5+ 47. Re3 Qxh5+ 48. Kxd2 f5 49. Rde1 Qh6 50. Kc2 Qh2+ 51. R3e2 Qh4 52. Re7
f4 53. R1e4 a6 54. Rf7 Qf2+ 55. Kc3 Qf3+ 56. Kd4 Qf2+ 57. Kc3 Qg3+ 58. Kd4 Kg8
59. Rexf4 Qxa3 60. Ke5 Qc3+ 61. Kd6 a5 62. bxa5 Qxa5 63. Kc6 Qc3+ 64. Kxb5 Qb3+
65. Kc5 Qxf7 66. Rxf7 Kxf7 {
Game drawn because neither player has mating material} 1/2-1/2

[Event "ICS rated blitz match"]
[Site "204.178.125.65"]
[Date "2001.07.10"]
[Round "?"]
[White "Amateur"]
[Black "Hossa"]
[Result "0-1"]
[WhiteElo "2601"]
[BlackElo "2610"]
[PlyCount "160"]
[EventDate "2001.??.??"]

1. d4 f5 2. Bg5 Nc6 3. e3 g6 4. Nf3 Bg7 5. Nc3 d5 6. Bb5 a6 7. Ba4 h6 8. Bf4 b5
9. Bb3 e6 10. a4 b4 11. Na2 Nge7 12. O-O a5 13. Re1 Ba6 14. c3 bxc3 15. Nxc3
Rb8 16. Rc1 O-O 17. Bg3 Rb7 18. Ne2 Qd7 19. Nf4 Rfb8 20. Rc3 Nb4 21. h4 Kh7 22.
Rc5 Nec6 23. Qc1 Bf8 24. Rc3 Bd6 25. Rd1 Bxf4 26. exf4 Be2 27. Rd2 Bxf3 28.
Rxf3 Na6 29. Qd1 Qg7 30. Re3 Nxd4 31. Rxd4 Rxb3 32. Rxb3 Rxb3 33. Rxd5 exd5 34.
Qxb3 Nb4 35. f3 Qd4+ 36. Bf2 Qd3 37. Qc3 Qxc3 38. bxc3 Nd3 39. Bd4 Nb2 40. Be5
Nxa4 41. Bxc7 Nxc3 42. Bxa5 Ne2+ 43. Kf2 Nxf4 44. g3 Ne6 45. Ke2 f4 46. g4 h5
47. gxh5 gxh5 48. Kd3 Nc5+ 49. Kc3 Kg6 50. Bb4 Nd7 51. Kd4 Kf5 52. Bd6 Nb6 53.
Bc5 Nc4 54. Kd3 Ne5+ 55. Ke2 Ke6 56. Bb6 Ng6 57. Bd8 Kf5 58. Kf1 d4 59. Ke2 Ne5
60. Ba5 d3+ 61. Kf2 Ke6 62. Be1 Ng6 63. Bd2 Kf5 64. Bb4 Nxh4 65. Bc3 Ng6 66.
Kf1 h4 67. Kf2 h3 68. Kg1 Nh4 69. Kh2 Nxf3+ 70. Kxh3 d2 71. Bxd2 Nxd2 72. Kg2
f3+ 73. Kf2 Kf4 74. Ke1 Ke3 75. Kd1 f2 76. Kc2 f1=R 77. Kc3 Rb1 78. Kc2 Rb3 79.
Kc1 Kd3 80. Kd1 Rb1# {Amateur checkmated} 0-1

[Event "ICS rated standard match"]
[Site "204.178.125.65"]
[Date "2001.07.10"]
[Round "?"]
[White "Hossa"]
[Black "CM7K"]
[Result "1/2-1/2"]
[WhiteElo "2296"]
[BlackElo "2293"]
[PlyCount "55"]
[EventDate "2001.??.??"]

1. d4 Nf6 2. Nf3 d5 3. c4 c6 4. Nc3 dxc4 5. a4 Bf5 6. Ne5 Nbd7 7. Nxc4 Qc7 8.
g3 e5 9. dxe5 Nxe5 10. Bf4 Rd8 11. Qb3 Nfd7 12. Nxe5 Nxe5 13. Bg2 Bd6 14. Ne4
Bxe4 15. Bxe4 O-O 16. Rd1 Rfe8 17. O-O Qe7 18. e3 Bc5 19. Qc2 Ng6 20. Bxg6 hxg6
21. h4 Bb4 22. Bg5 f6 23. Bf4 Qf7 24. Rd3 Rxd3 25. Qxd3 Ba5 26. Qb1 Bb4 27. Qd3
Ba5 28. Qb1 {Game drawn by mutual agreement} 1/2-1/2

[Event "ICS rated blitz match"]
[Site "204.178.125.65"]
[Date "2001.07.11"]
[Round "?"]
[White "Hossa"]
[Black "Snake890"]
[Result "0-1"]
[WhiteElo "2626"]
[BlackElo "2522"]
[PlyCount "119"]
[EventDate "2001.??.??"]

1. Nf3 d5 2. b3 Bg4 3. e3 Nd7 4. h3 Bxf3 5. Qxf3 e6 6. Bb2 Ngf6 7. d4 Bd6 8. c4
Bb4+ 9. Bc3 Be7 10. cxd5 Nxd5 11. Bc4 N7b6 12. O-O O-O 13. Ba5 Qd6 14. Nd2 c6
15. a3 f5 16. Bd3 c5 17. Nc4 Qd7 18. Ne5 Qd6 19. Bxb6 axb6 20. Bc4 Rfd8 21. Qh5
g6 22. Nxg6 hxg6 23. Qxg6+ Kh8 24. a4 Bf8 25. Qh5+ Kg8 26. dxc5 bxc5 27. Bxd5
exd5 28. Qxf5 Bg7 29. Rac1 Rf8 30. Qg5 Rae8 31. Qg4 Re7 32. Rc2 Re4 33. Qd1 Rb4
34. Qh5 Rxb3 35. Rd2 Rd8 36. Rfd1 Qe5 37. Qh4 Rd7 38. Qg4 Qe8 39. Qf5 Qf7 40.
Qxf7+ Kxf7 41. Rxd5 Rxd5 42. Rxd5 Rb1+ 43. Kh2 c4 44. Rd7+ Kg6 45. g3 c3 46.
Rc7 Rb6 47. a5 Rb5 48. Kg2 Rxa5 49. f4 b5 50. Rc6+ Kh7 51. e4 b4 52. e5 Ra2+
53. Kf3 c2 54. Ke3 b3 55. Kd2 Ra1 56. Rxc2 Ra2 57. Rb2 Rxb2+ 58. Kc3 Rg2 59.
Kxb3 Rxg3+ 60. Kc4 {Hossa resigns} 0-1

[Event "ICS rated standard match"]
[Site "204.178.125.65"]
[Date "2001.07.11"]
[Round "?"]
[White "Hossa"]
[Black "nicodos"]
[Result "1-0"]
[WhiteElo "2296"]
[BlackElo "2009"]
[PlyCount "43"]
[EventDate "2001.??.??"]

1. d4 Nf6 2. Bg5 Ne4 3. h4 c5 4. d5 Qb6 5. Bc1 g6 6. h5 Bg7 7. c3 Na6 8. Qc2 f5
9. Nd2 Nxd2 10. Bxd2 Nc7 11. hxg6 hxg6 12. Rxh8+ Bxh8 13. e4 d6 14. O-O-O Bd7
15. exf5 Bxf5 16. Bd3 Nxd5 17. Bxf5 gxf5 18. Qxf5 Nc7 19. Bg5 Qc6 20. Re1 e5
21. Qh7 Qxg2 22. Qe7# {nicodos checkmated} 1-0

[Event "ICS rated standard match"]
[Site "204.178.125.65"]
[Date "2001.07.11"]
[Round "?"]
[White "nicodos"]
[Black "Hossa"]
[Result "0-1"]
[WhiteElo "2007"]
[BlackElo "2301"]
[PlyCount "36"]
[EventDate "2001.??.??"]

1. d4 f5 2. Bg5 g6 3. e4 fxe4 4. Nc3 d5 5. f3 Bg7 6. Qd2 exf3 7. Nxf3 Nf6 8.
O-O-O Ne4 9. Nxe4 dxe4 10. Nh4 a5 11. g3 Nc6 12. c3 Qd5 13. Bg2 O-O 14. Rhe1
Bg4 15. Bxe4 Qxa2 16. Nxg6 hxg6 17. Bxg6 Qa1+ 18. Bb1 Bf5 {nicodos resigns} 0-1

[Event "ICS rated blitz match"]
[Site "204.178.125.65"]
[Date "2001.07.11"]
[Round "?"]
[White "mutsnuts"]
[Black "Hossa"]
[Result "0-1"]
[WhiteElo "2149"]
[BlackElo "2605"]
[PlyCount "46"]
[EventDate "2001.??.??"]

1. d4 e6 2. e4 d5 3. e5 c5 4. c3 Nc6 5. Nf3 Qb6 6. Bd3 cxd4 7. cxd4 g5 8. h3
Bd7 9. O-O g4 10. hxg4 Nxd4 11. Nxd4 Qxd4 12. Nc3 Qxe5 13. Re1 Qg7 14. Nxd5
O-O-O 15. Bf4 Bc6 16. Ne3 Qd4 17. Bg3 Qxd3 18. Qc1 Bb4 19. Rd1 Bd2 20. Qc5 Bxe3
21. fxe3 Qxd1+ 22. Rxd1 Rxd1+ 23. Kh2 Nf6 {mutsnuts resigns} 0-1

[Event "ICS rated bullet match"]
[Site "204.178.125.65"]
[Date "2001.07.11"]
[Round "?"]
[White "Hossa"]
[Black "Yace"]
[Result "0-1"]
[WhiteElo "2600"]
[BlackElo "2684"]
[PlyCount "122"]
[EventDate "2001.??.??"]

1. d4 Nf6 2. c4 g6 3. Nc3 d5 4. cxd5 Nxd5 5. e4 Nxc3 6. bxc3 Bg7 7. Bb5+ c6 8.
Ba4 O-O 9. Ne2 b5 10. Bc2 c5 11. e5 Bb7 12. O-O Nc6 13. Rb1 a6 14. a4 cxd4 15.
cxd4 b4 16. Be3 a5 17. Nc1 Nb8 18. h4 e6 19. h5 Qh4 20. Ne2 Rd8 21. Ng3 Nc6 22.
Be4 Rab8 23. Qc1 Rdc8 24. Qd2 Qd8 25. Rfd1 Qd7 26. Bh6 Bxh6 27. Qxh6 Rd8 28.
Ne2 Ba6 29. hxg6 fxg6 30. Bxc6 Qxc6 31. Nf4 Bc4 32. Rd2 Qxa4 33. Rc1 b3 34. g3
b2 35. Rb1 Qa2 36. Rdd1 Bb3 37. Nh5 Rb7 38. Nf6+ Kh8 39. Rf1 Bc2 40. Qh1 Rc7
41. Kg2 Rf7 42. Rbe1 Rxf6 43. exf6 b1=Q 44. Rxb1 Be4+ 45. Kh3 Bxh1 46. Rxh1
Qxf2 47. Rbf1 Qxd4 48. Rf4 Qe5 49. Rhf1 Kg8 50. Rg4 Kf7 51. Rh4 Rd3 52. Rxh7+
Kg8 53. Rg7+ Kf8 54. Rxg6 Qh5+ 55. Kg2 Rd2+ 56. Rf2 Qd5+ 57. Kg1 Qc5 58. Kh1
Qxf2 59. Rg8+ Kxg8 60. f7+ Kxf7 61. g4 Qh2# {Hossa checkmated} 0-1

[Event "ICS rated blitz match"]
[Site "204.178.125.65"]
[Date "2001.07.11"]
[Round "?"]
[White "Hossa"]
[Black "memin"]
[Result "1-0"]
[WhiteElo "2607"]
[BlackElo "2076"]
[PlyCount "47"]
[EventDate "2001.??.??"]

1. d4 Nf6 2. Bg5 Ne4 3. h4 Nxg5 4. hxg5 d5 5. e3 Nd7 6. Bd3 e5 7. g6 Qf6 8.
Rxh7 Rg8 9. Nc3 c6 10. gxf7+ Qxf7 11. Be2 Qf5 12. Rh5 Qe6 13. Bg4 Qg6 14. Kf1
Nf6 15. Rxe5+ Be7 16. Bxc8 Rxc8 17. Nce2 Kf7 18. Nf3 Ne4 19. Nf4 Qd6 20. Re6
Qxe6 21. Nxe6 Kxe6 22. Ne5 Rh8 23. Qg4+ Kd6 24. Qd7# {memin checkmated} 1-0